Retrouvez les 15 pays les plus peuplés en Europe - Statistiques

Statistiques générales
  • Ce quiz a été pris 227 fois
  • Le résultat moyen est 14 sur 15
Statistiques - réponses
Classement Pays Population (en 2017) % Correct
2 Allemagne 82 114 224
100%
5 France 64 979 548
100%
7 Espagne 46 354 321
98%
1 Russie 143 989 754
98%
6 Italie 59 359 900
97%
9 Pologne 38 170 712
96%
4 Royaume-Uni 6181 585
95%
15 Portugal 10 329 506
93%
8 Ukraine 44 222 947
90%
13 Grèce 11 159 773
87%
11 Pays-Bas 17 035 938
87%
12 Belgique 11 429 336
86%
10 Roumanie 19 679 306
83%
3 Turquie 80 745 020
81%
14 République Tchéque 10 618 303
74%
Aucun quiz correspondant
Distribution des résultats
% des personnes avec chaque résultat
Percentile par nombre de réponses
Votre historique - résultats
Vous n’avez pas pris ce quiz